"Indonesia" In All Featured Languages - Statistics

General Stats
  • This quiz has been taken 26 times
  • The average score is 5 of 9
Answer Stats
Language Name % Correct
English Indonesia
100%
Spanish Indonesia
60%
Italian Indonesia
60%
French Indonésie
60%
Portuguese Indonésia
55%
Finnish Indonesia
55%
Dutch Indonesië
35%
German Indonesien
30%
Polish Indonezja
20%
No matching quizzes found
Score Distribution
Percent of People with Each Score
Percentile by Number Answered
Your Score History
You have not taken this quiz